• 首页
  • 本馆介绍
  • 公告通知
  • 最新文献
  • 馆藏检索
  • 电子资源
  • 读者导购
  • 参考咨询
  • 我的图书馆
  • 登录
  • 详细信息显示
  • 放入我的书架
  • 预约/预借图书
  • 作者相关作品
  • 分类相关作品
  • 丛书相关作品
  • 出版社相关作品

书目信息

  • 表格格式
  • 工作单格式
  • 卡片格式
书名: Latin American civilization
作者: BENJAMIN KEEN
分册号:
分册名:
出版地: Boulder, Colo. :
 
出版社: Westview Press
出版时间: c2000.
页数: xii, 507 p. ;
开本: 24 cm.
丛书名:
中图分类号:
科图分类号:
其他分类号: K730.03
主题词:
电子资源:
000 01157nam 2200337 a 4500
001 E0732650940
003 DLC
005 20070519091200.50
008 000 0 eng
008 uu
008 002000
010    @a95008880
020    @a0-8133-3623-6(PBK).
040    @aDLC @cDLC @dDLC
043    @acl----- @ae-sp---
049    @aN5LA
050 00 @aF1408.3 @b.L274 1996
082 00 @a980 @220
090    @a2-97/K730.03/L35/ 1996/////1179615
090    @aK730.03
096    @aK730.03 @v3
099    @dK730.03@ex9=7
245 00 @aLatin American civilization :@bhistory and society, 1492 to the present / @cBENJAMIN KEEN
250    @a7th ed., rev. and updated.
260    @aBoulder, Colo. :@bWestview Press,@cc2000.
300    @axii, 507 p. ;@c24 cm.
504    @aIncludes bibliographical references.
651  0 @aSpain @xColonies @zAmerica @xHistory.
651  0 @aLatin America @xCivilization.
700 1  @aKeen, Benjamin, @d1913- , @eed. @b00 @c20020930 @lNLC09 @h2252 @lNLC09 @h0011 @lNLC09 @h2003 @b01 @c20030902 @lNLC09 @h0810 @b01 @c20030902 @lNLC09 @h0810
852 9  @bWWJC @cJ09 @k2-97 @hK730.03 @iL35/1996
    
    Latin American civilization : : history and society, 1492 to the present / / BENJAMIN KEEN.-7th ed., rev. and updated.-Boulder, Colo. : : Westview Press, , c2000.
    xii, 507 p. ; ; 24 cm.
    Includes bibliographical references.
    
    ISBN 0-8133-3623-6(PBK).
    
●
相关链接 在E读中查询图书 在五车中查询图书 在当当中查询图书 在豆瓣中查询图书


正题名:Latin American civilization     索取号:K730.03/x9=7         预约/预借

序号 登录号 条形码 馆藏地/架位号 状态 备注
1 10611   300106114   第二样本阅览室/ [索取号:K730.03/x9=7] 在馆    
2 10612   300106123   第四借阅区/ [索取号:K730.03/x9=7] 在馆    
唐山师范学院图书馆 欢迎您!
大连网信软件有限公司© 版权所有